000 00781nam a2200265 i 4500
003 DO-SdBNP
005 20231026104302.0
007 ta
008 110413s2014 gt ao 000 0 spa d
020 _a9780020559530
040 _aDO-SdBNP
_bspa
_cBNPHU
_erda
082 _bM233i
_222
100 _aMajano, David
_eautor
_984407
245 1 0 _aItinerante /
_cDavid Majano
264 _aGuatemala :
_bMinisterio de Cultura y Deportes,
_c2014.
300 _a54 páginas ;
_c23 cm.
336 _2rdacontent
_atexto
_btxt
337 _2rdamedia
_asin mediación
_bn
338 _2rdacarrier
_avolumen
_bnc
490 _aPoesía guatemalteca ;
_aRafael Landivar
_v96
500 _aDatos biográfico en la solapa
590 _aInventariado, 2023/ DG
910 _aDG
942 _2ddc
_cLBS1
999 _c55101
_d55101